| 000 | 00701nam a2200229 a 4500 | ||
|---|---|---|---|
| 001 | BRCA_1127 | ||
| 005 | 20190320203306.0 | ||
| 008 | 991206s1989 mx-a---##b---#000-0#spa-# | ||
| 020 | _a9686084142 | ||
| 040 |
_aDLC _cDLC |
||
| 050 | 4 |
_aND1432.M4 _b.P56 1989 |
|
| 245 | 1 | 0 | _aLa pintura novohispana en los museos de México. |
| 260 |
_aMéxico _bBanco BCH _c[1989] |
||
| 300 |
_a132 p. _bil. (algunas a color) _c33 cm. |
||
| 440 | 0 |
_aLa Pintura en los museos de México _v1 _93713 |
|
| 504 | _aBibliografía: p. 131 | ||
| 610 | 2 | 4 |
_aIglesia católica _vArte _93714 |
| 650 | 1 | 4 |
_aPintura mexicana _93715 |
| 650 | 1 | 4 |
_aPintura colonial _zMéxico _93588 |
| 650 | 1 | 4 |
_aMuseos _zMéxico _93716 |
| 942 |
_2lcc _cB |
||
| 999 |
_c1005 _d1005 |
||